000 00455nam a2200181Ia 4500
003 GCL
008 140319s9999 xx 000 0 eng d
040 _aGCL /
_cGCL
082 0 4 _a822
_bD A
100 1 _aDICKENS, CHARLES
245 1 0 _aA CHRISTMAS CAROL /
_cDICKENS, CHARLES
260 _a[S.N] :
_bWILLIAM HEINEMANN LTD ،
_c1933
300 _a147 P
650 0 4 _aENGLISH LITERATURE
650 0 4 _aLITERATURE
650 0 4 _aFICTION
942 _2ddc
_cBK
999 _c19374
_d19374